Housing Market Dynamics in Africa (Record no. 29604)
[ view plain ]
| 000 -LEADER | |
|---|---|
| fixed length control field | 00692nam a2200121Ia 4500 |
| 008 - FIXED-LENGTH DATA ELEMENTS--GENERAL INFORMATION | |
| fixed length control field | 220620s9999||||xx |||||||||||||| ||und|| |
| 100 ## - MAIN ENTRY--PERSONAL NAME | |
| Personal name | Bah, El-hadj M.||Faye, Issa||Geh, Zekebweliwai F. |
| 245 #0 - TITLE STATEMENT | |
| Title | Housing Market Dynamics in Africa |
| 546 ## - LANGUAGE NOTE | |
| Language note | English[eng] |
| 650 ## - SUBJECT ADDED ENTRY--TOPICAL TERM | |
| Topical term or geographic name entry element | Housing finance||Slum upgrading||Africa||Construction||Political economy||Land tenure||Housing development||Urban planning||Real estate||Public policy||Property rights||Economics |
| 856 ## - ELECTRONIC LOCATION AND ACCESS | |
| Uniform Resource Identifier | <a href="https://library.oapen.org/bitstream/20.500.12657/27897/1/1002104.pdf||https://library.oapen.org/bitstream/20.500.12657/27897/1/1002104.pdf||https://library.oapen.org/bitstream/20.500.12657/27897/1/1002104.pdf">https://library.oapen.org/bitstream/20.500.12657/27897/1/1002104.pdf||https://library.oapen.org/bitstream/20.500.12657/27897/1/1002104.pdf||https://library.oapen.org/bitstream/20.500.12657/27897/1/1002104.pdf</a> |
| 942 ## - ADDED ENTRY ELEMENTS (KOHA) | |
| Koha item type | E-Books |
| Withdrawn status | Lost status | Damaged status | Not for loan | Home library | Current library | Date acquired | Total Checkouts | Date last seen | Price effective from | Koha item type |
|---|---|---|---|---|---|---|---|---|---|---|
| Kerala University of Digital Sciences, Innovation and Technology Knowledge Centre | Kerala University of Digital Sciences, Innovation and Technology Knowledge Centre | 20/06/2022 | 20/06/2022 | 20/06/2022 | E-Books |